000 00276nam a2200121Ia 4500
008 190216s9999||||xx |||||||||||||| ||und||
100 _aNull
245 0 _aStep By Step To Personal Computing
260 _bC B M Publications
300 _a47
650 _aComputer
942 _cBK
999 _c8589
_d8589